=LDR 00000nam 2200000 4500 =001 INLIS000000000004680 =005 20250827103945 =035 ##$$a 0010-0825000109 =007 ta =008 250827###########################0#ind## =020 ##$$a - =082 ##$$a 304.66 =084 ##$$a 304.66 INS k =100 #$$a Institut Keguruan dan Lingkungan Medan =245 1#$$a Kadar Sikap Beberapa Lapisan Sosial Terhadapa Permasalahan KB Di Sumatera Utara : $b - /$c Institut Keguruan dan Lingkungan Medan (Penulis) =250 ##$$a - =260 ##$$a Medan :$b Institut Keguruan dan Lingkungan Medan,$c 1980 =300 ##$$a 104 hlm : $b ilus ; $c 23 cm$e - =650 #4$$a Keluarga Berencana =520 ##$$a - =856 ##$$a Perpustakaan BKKBN Pusat